000 00843cab a22001815a 4500
001 L146188
008 081215e20081119xxkd f s 000 0 eng d
035 _a(Sirsi) u146188
041 0 _aeng
100 1 _aStagg, James
245 0 0 _aCJ50
_bMcAlpine back on top
260 _c2008
490 _aContract Journal
_v446 (6701) 19 November 2008, 14-15 (2)
520 _aMonthly league table of new work winners, divided geographically and by sector. Sir Robert McAlpine is at the top of the table for October 2008, thanks to several commecial contracts. Kier follows, at the second position with most of its contracts in the public sector. Laing O'Rourke has the first place of the new work winners for the past twelve months.
651 4 _aUnited Kingdom
_y
690 _aPROPERTY-COMMERCIAL PROPERTY-COMMERCIAL PROPERTY MARKET
942 _n0
999 _c81071
_d81071